Where's My Package? Quiz Stats

 Plays Quiz Updated Jul 9, 2018

Challenge
Share
Tweet
Embed
Score 0/29 Timer 10:00
0 Plays Today
Postal code Country % Correct
ALMALDIVES....
96.4%
CA CAMBODIA.....
83%
COCOLOMBIA.....
81.6%
ARPARAGUAY.....
81%
MAOMAN.....
78.8%
DESWEDEN.....
78.2%
LABELARUS....
76.7%
PAJAPAN.....
73.7%
NEBRUNEI.....
72.2%
MOSAMOA.....
72%
AZ AZERBAIJAN.....
71.2%
GATONGA.....
70.6%
ORECUADOR.....
66.9%
METURKMENISTAN.....
66%
RISYRIA.....
63.4%
Postal code Country % Correct
AKSLOVAKIA.....
63.2%
VAVANUATU.....
61.7%
ILCHILE.....
60.2%
HIETHIOPIA.....
58%
WABOTSWANA.....
52.8%
KYONLY KYRGYZSTAN
51.2%
WIONLY MALAWI AND SWITZERLAND
50.6%
NYONLY KENYA AND GERMANY
47.2%
NMDENMARK.....
44.5%
UTSOUTH SUDAN....
41.7%
NCVATICAN CITY.....
39.5%
MINAMIBIA.....
36%
TNONLY VIETNAM
20.1%
SCONLY MADAGASCAR
17.8%

You're not logged in!

Compare scores with friends on all Sporcle quizzes.
Join for Free
OR
Log In

You Might Also Like...

Show Comments

Extras

Top Quizzes Today


Score Distribution

Your Account Isn't Verified!

In order to create a playlist on Sporcle, you need to verify the email address you used during registration. Go to your Sporcle Settings to finish the process.

Report this User

Report this user for behavior that violates our Community Guidelines.

Details: